000 00297nam a22001337a 4500
008 170714b xxu||||| |||| 00| 0 eng d
020 _a9760415276315
041 _aeng
080 _a101
100 _a24
101 _aFJA
245 _aPHILOSOPHER A KIND OF LIFE
_cHONDERICH,T
942 _2udc
_cBK
999 _c20757
_d20757